01002cam a2200277 a 450000100090000000300040000900500170001300800410003001000170007102000180008804000180010604300120012405000210013610000190015724500570017626000410023330000400027444000440031450000590035852100070041752600090042465000750043365000670050865000820057565100670065713899759OSt20140310184439.0050315s2007 nyuab j b 001 0 eng  a 2005007524 a9780516236285 aDLCcDLCdDLC an-usm--00aF 354b.K46 20071 aKent, Deborah.14aThe great Mississippi flood of 1927 /cDeborah Kent. aNew York :bChildren's Press,c2007. a48 p. :bill. (some col.) ;c25 cm. 0aCornerstones of freedom.nSecond series aIncludes bibliographical references (p. 46) and index. aG9 c1020 0aFloodszMississippi RiverxHistoryy20th centuryvJuvenile literature. 0aMississippi RiverxHistoryy20th centuryvJuvenile literature. 0aFloodszMississippi River ValleyxHistoryy20th centuryvJuvenile literature. 0aMississippi River ValleyxHistoryy1865-vJuvenile literature.